|
|
|
|
| LEADER |
00000nam a2200000 a 4500 |
| 001 |
vtls011558414 |
| 003 |
SK-MaSNL |
| 005 |
20260301092239.0 |
| 008 |
170706s2015 ru da gr 000 0 rus |
| 015 |
|
|
|a SNBZSA2016
|
| 020 |
|
|
|a 9785981630460
|q (viazané)
|
| 020 |
|
|
|a 9785988562139
|q (viazané)
|
| 035 |
|
|
|a 03D55802-C121-47AC-B3CC-3EE4038D790A
|
| 035 |
|
|
|a urn:nbn:sk:snk-amllus
|
| 035 |
|
|
|a urn:nbn:sk:snk-am00bm1w
|
| 040 |
|
|
|a SNK
|b slo
|c SNK
|e AACR2
|
| 041 |
0 |
|
|a rus
|
| 044 |
|
|
|a ru
|c RU
|
| 072 |
|
7 |
|a 63
|x Poľnohospodárstvo a príbuzné oblasti vedy a techniky
|2 konspekt
|
| 080 |
|
|
|a 63
|2 2001
|
| 080 |
|
|
|a 33
|2 2011
|
| 080 |
|
|
|a (4)
|2 2011
|
| 080 |
|
|
|a (048.8:082)
|2 2011
|
| 245 |
0 |
0 |
|a Agrarnaja Jevropa v XXI veke
|c pod obščej redakciej akademika RAN E. N. Krylatych ; [avtorskij kollektiv: Krylatych E. N., Nazarenko, V.I., Papcov A.G. ... [et al.]]
|
| 260 |
|
|
|a Moskva
|b Letnij sad
|c 2015
|
| 300 |
|
|
|a 326 s.
|b grafy, tab.
|c 22 cm
|
| 490 |
1 |
|
|a Staryj Svet - novyje vremena
|
| 504 |
|
|
|a Bibliogr.
|
| 648 |
|
7 |
|a 21. stor.
|2 SNKPH
|9 304714
|
| 650 |
0 |
7 |
|a poľnohospodárstvo
|2 SNKPH
|9 679
|
| 650 |
0 |
7 |
|a Agriculture
|2 SNKPHeng
|9 265172
|
| 650 |
0 |
7 |
|a ekonomika
|2 SNKPH
|9 789
|
| 650 |
0 |
7 |
|a Economics
|2 SNKPHeng
|9 265310
|
| 651 |
|
7 |
|a Európa
|2 SNKPH
|9 167569
|
| 651 |
|
7 |
|a Europe
|2 SNKPHeng
|9 56249
|
| 655 |
|
7 |
|a kolektívne monografie
|2 SNKPH
|9 249850
|
| 655 |
|
7 |
|a Collective monographs
|2 SNKPHeng
|9 125747
|
| 700 |
1 |
|
|a Krylatych, E. N.
|4 lso
|4 aut
|9 422796
|
| 700 |
1 |
|
|a Nazarenko, V. I.
|4 aut
|9 422797
|
| 700 |
1 |
|
|a Papcov, A. G.
|4 aut
|9 422798
|
| 830 |
|
0 |
|a Staryj Svet - novyje vremena
|9 330308
|
| 919 |
|
|
|a 978-5-98163-046-0
|
| 919 |
|
|
|a 978-5-98856-213-9
|
| 958 |
|
|
|a ZS
|
| 958 |
|
|
|a NB
|
| 999 |
|
|
|c 673402
|d 675332
|
| 952 |
|
|
|a SNK
|b SNK
|y PREZ
|7 0
|p 17A1198328
|o snkSC 170411
|i snk2016/15459
|8 2
|g 8.68
|0 0
|1 0
|4 0
|d 2016-06-07
|f 1
|l 0
|r 2025-09-08 00:00:00
|w 2026-02-23
|